00330 a2200085 450000500170000010000140001724501510003125000080018226000540019020260327125802.0 aBhende S. aआधुनिक महाराष्ट्राची जडणघडण शिल्पकार चरित्रकोश खंड : २ a1st bSaptahik Vivek Hindusthan Prakashan Samsthac2009